书目信息 |
| 题名: |
摄影大师-500经典巨作
|
|
| 作者: | Phaidon Press Limited 编著 | |
| 分册: | ||
| 出版信息: | 济南 山东书报出版社 1998.12 |
|
| 页数: | 500幅 | |
| 开本: | 12开 | |
| 丛书名: | ||
| 单 册: | ||
| 中图分类: | J405 | |
| 科图分类: | ||
| 主题词: | 摄影艺术--艺术理论 | |
| 电子资源: | ||
| ISBN: | 7-80603-232-0 | |
| 000 | 00615nam0 2200193 45 | |
| 001 | 0103141439 | |
| 005 | 20031219104048.8 | |
| 010 | @a7-80603-232-0@b精装@dCNY480.00 | |
| 100 | @a20010314d1998 km y0chiy0120 ea | |
| 101 | 0 | @achi |
| 105 | @a z 000yy | |
| 200 | 1 | @a摄影大师-500经典巨作@AShe Ying Da Shi-500 Jing Dian Ju Zuo@fPhaidon Press Limited编著@FPhaidon Press Limited Bian Zhu |
| 210 | @a济南@c山东书报出版社@d1998.12 | |
| 215 | @a500幅@d12开 | |
| 606 | 0 | @a摄影艺术@x艺术理论 |
| 690 | @aJ405@v1 | |
| 701 | 0 | @aPhaidon Press Limited@4编著 |
| 801 | @aCN@bTSTC@c20010314 | |
| 905 | @b295616-617@dJ405@e119@f2 | |
| 摄影大师-500经典巨作/Phaidon Press Limited编著.-济南:山东书报出版社,1998.12 |
| 500幅;12开 |
| ISBN 7-80603-232-0(精装):CNY480.00 |
| ● |
| 相关链接 |
|
|
|
|
正题名:摄影大师-500经典巨作
索取号:J405/119
 
预约/预借
| 序号 | 登录号 | 条形码 | 馆藏地/架位号 | 状态 | 备注 |
| 1 | 0295616 | 002956162 | 工具书阅览室/ [索取号:J405/119] | 在馆 | |
| 2 | 0295617 | 002956171 | 第一样本阅览室/ [索取号:J405/119] | 在馆 |